000 00440nam a2200145Ia 4500
008 230312s9999||||xx |||||||||||||| ||und||
020 _a9781492094340
082 _a006.312
_bMOU-A
100 _aAndrews,Jean
245 0 _aA+ Guide to Software Managing,Maintaining,And Troubleshooting A+ guide to software : managing, maintaining, and troubleshooting
260 _bReilly
_aUSA
_c2021
300 _a229
650 _aComputer
942 _cBK
999 _c17071
_d17071